[Event "EICC 2019"]
[Site "Skopia"]
[Date "2019.03.25"]
[Round "7.19"]
[White "Santos Latasa, Jaime"]
[Black "Cheparinov, Ivan"]
[Result "0-1"]
[WhiteElo "2582"]
[BlackElo "2683"]
[Annotator "TA"]
[PlyCount "86"]
[EventDate "2019.03.18"]
[EventType "swiss"]
[EventCountry "MKD"]
[SourceTitle "playchess.com"]
[Source "ChessBase"]
[SourceQuality "1"]

{[%evp 18,86,12,0,0,0,0,-7,-8,-12,-2,-10,-10,-15,-12,-10,-11,-6,-8,-22,-22,-64,-60,-59,-61,-124,-125,-116,-113,-124,-115,-168,-163,-239,-241,-262,-262,-286,-286,-286,-286,-342,-342,-342,-315,-379,-357,-1035,-931,-29967,-29968,-29969,-29969,-29969,-29970,-29971,-29972,-29973,-29974,-29974,-29975,-29974,-29976,-29975,-29976,-29976,-29977,-29977,-29978,-29977,-29966]} 1. d4 Nf6 2. c4 g6 3. g3 c6 4. Bg2 d5 5. cxd5 cxd5 6. Nc3 Bg7 7. Nf3 O-O 8. Ne5 Bf5 9. O-O Ne4 10. Qb3 Nc6 {D79: Fianchetto Grünfeld: Symmetrical Variation (6 0-0 c6 7 cxd5 cxd5)} 11. Nxc6 bxc6 12. Nxe4 dxe4 {The position is equal.} (12... Bxe4 13. Be3 Bxg2 14. Kxg2 c5 15. Rad1 c4 16. Qa3 Qd7 17. b3 Rfc8 18. Rc1 c3 19. Rfd1 Rc6 20. Rc2 Rac8 {½-½ (49) Ma,Q (2637)-Wei,Y (2727) China 2017}) 13. Rd1 Qb6 14. Qxb6 axb6 15. Be3 Rfd8 16. f3 $146 ({Predecessor:} 16. h3 h5 17. a3 Rd6 18. Rd2 {½-½ (26) Jaworski,M (2347)-Kukel,I (2316) Czechia 2008}) 16... exf3 17. Bxf3 Rd6 18. a3 Rad8 19. Rdc1 Re6 20. Bf2 Rxd4 21. Rxc6 (21. b4 $15) 21... Rxc6 $17 22. Bxc6 Rd6 23. e4 Bh3 24. Ba4 (24. Bd5 $17) 24... Bxb2 $19 25. Rd1 (25. Rb1 $142 Bxa3 26. Rxb6) 25... Bxa3 26. Rxd6 exd6 ({Not} 26... Bxd6 27. Bxb6 e5 28. Bc6 $17) 27. Bxb6 Bc5+ 28. Bxc5 dxc5 {[%mdl 4096] Endgame KB-KB} 29. Kf2 f6 30. Kf3 Kf7 31. g4 Bf1 32. h4 $2 {[#]} (32. Bb3+ Ke7 33. Bd5) 32... g5 33. hxg5 fxg5 {Black mates.} 34. Kf2 Bc4 35. Ke3 Kf6 36. Bd1 Ke5 37. Bf3 h6 38. Bd1 Ba2 39. Bc2 c4 40. Ba4 Bb1 41. Bc6 c3 42. Bb7 c2 43. Kd2 Kf4 {Accuracy: White = 34%, Black = 85%.} 0-1

[Event "EICC 2019"]
[Site "Skopia"]
[Date "2019.03.25"]
[Round "7.20"]
[White "Nisipeanu, Liviu-Dieter"]
[Black "Rozum, Ivan"]
[Result "1/2-1/2"]
[WhiteElo "2670"]
[BlackElo "2573"]
[Annotator "TA"]
[PlyCount "31"]
[EventDate "2019.03.18"]
[EventType "swiss"]
[EventCountry "MKD"]
[SourceTitle "playchess.com"]
[Source "ChessBase"]
[SourceQuality "1"]

{[%evp 9,31,8,19,16,19,9,7,6,4,0,0,-27,-15,-12,-8,-31,-27,-30,-13,-45,-20,-37,-27,-54]} 1. e4 c6 2. d4 d5 3. e5 Bf5 4. h4 h5 5. Bd3 Bxd3 6. Qxd3 {B12: Caro-Kann: Advance Variation} Qa5+ (6... e6 7. Bg5 Be7 8. Nf3 Nh6 9. Nbd2 Nf5 10. Nf1 Qa5+ 11. c3 Qa6 12. Qd2 Nd7 13. Ng3 Nxg3 14. fxg3 f6 {½-½ (72) Inarkiev,E (2693)-Tomashevsky,E (2705) St Petersburg 2018}) 7. Bd2 Qa6 $1 8. Qxa6 {The position is equal.} Nxa6 9. e6 f6 $146 ({Predecessor:} 9... fxe6 10. Nf3 Nf6 11. Ne5 Nc7 12. O-O Nd7 13. Ng6 Rg8 14. Bf4 Nb5 15. c3 Kf7 16. Nxf8 Raxf8 17. a4 Nd6 18. Nd2 Ke8 {½-½ (18) Ou Chuan Teck,K-Wee,Z (2078) Singapore 2002}) 10. Bf4 O-O-O 11. Nd2 Nh6 12. Nh3 Nf5 13. Nf3 $1 g6 14. Kf1 Nc7 15. Re1 Nd6 16. Nd2 {Accuracy: White = 48%, Black = 65%.} 1/2-1/2

[Event "EICC 2019"]
[Site "Skopia"]
[Date "2019.03.25"]
[Round "7.21"]
[White "Djukic, Nikola"]
[Black "Ponomariov, Ruslan"]
[Result "1/2-1/2"]
[WhiteElo "2572"]
[BlackElo "2667"]
[Annotator "TA"]
[PlyCount "78"]
[EventDate "2019.03.18"]
[EventType "swiss"]
[EventCountry "MKD"]
[SourceTitle "playchess.com"]
[Source "ChessBase"]
[SourceQuality "1"]

{[%evp 26,78,6,6,5,2,6,10,16,0,0,-8,-1,-35,-14,-16,-19,-27,0,0,0,0,0,0,0,-14,-12,-11,-16,-21,-18,-38,-28,-28,-32,-45,-37,-32,-17,-16,-17,-15,-14,-14,-16,-18,0,0,0,0,0,0,0,0,0]} 1. e4 c5 2. Nf3 Nc6 3. d4 cxd4 4. Nxd4 Nf6 5. Nc3 e5 6. Ndb5 d6 7. Bg5 a6 8. Na3 b5 9. Nd5 Be7 10. Bxf6 Bxf6 11. c3 Bg5 12. Nc2 Rb8 13. Qd3 O-O 14. Be2 Be6 {B33: Sicilian: Pelikan and Sveshnikov Variations} 15. Rd1 a5 16. O-O b4 17. cxb4 (17. c4 g6 18. b3 Rb7 19. h3 Rd7 20. f4 exf4 21. Nxf4 Bf6 22. c5 Kg7 23. Qa6 Nb8 24. Nxe6+ fxe6 25. Qc4 Qe7 26. cxd6 Rxd6 27. Rxd6 Qxd6 28. Rd1 Qb6+ {½-½ (28) Lafarga Santorroman,D (2659)-Hertel,P (2654) ICCF email 2012}) 17... axb4 18. a3 {[%cal Rd5b4]} b3 $146 ({Predecessor:} 18... bxa3 19. bxa3 Qa5 20. Rb1 Rfc8 21. Rfd1 g6 22. Rxb8 Rxb8 {½-½ (33) Pesonen,S (2333)-Goncharov,I (2316) ICCF email 2008}) 19. Ncb4 Nd4 20. f4 Bh6 21. Qe3 Rc8 {[%cal Bb8c8,Bc8c5,Bc5a5][%mdl 32]} 22. Rxd4 exd4 23. Qxd4 Kh8 24. Ba6 Rc5 25. Nd3 Ra5 26. Bc4 Qb8 27. N3b4 {Threatens to win with Nc6.} Qc8 28. Bxb3 Qc5 29. Qxc5 dxc5 30. Nd3 $1 g6 31. Bc4 Bg7 32. e5 $1 {The position is equal.} Ra4 33. b3 Rxa3 {next ...Rd8 is good for Black.} 34. Nxc5 Bxd5 35. Bxd5 Ra5 36. Rc1 $1 Rc8 37. b4 Rb5 38. Rc4 Bf8 {[#] White must now prevent ...Rxb4!} 39. Nd3 Rxc4 {Accuracy: White = 75%, Black = 78%.} 1/2-1/2

[Event "EICC 2019"]
[Site "Skopia"]
[Date "2019.03.25"]
[Round "7.22"]
[White "Dreev, Aleksey"]
[Black "Wagner, Dennis"]
[Result "1/2-1/2"]
[WhiteElo "2662"]
[BlackElo "2580"]
[Annotator "TA"]
[PlyCount "69"]
[EventDate "2019.03.18"]
[EventType "swiss"]
[EventCountry "MKD"]
[SourceTitle "playchess.com"]
[Source "ChessBase"]
[SourceQuality "1"]

{[%evp 18,69,-15,-22,-10,-22,-22,-20,-6,-35,-35,-35,-35,-38,-44,-37,-39,-40,-41,-47,-47,-83,-84,-95,-87,-126,-29,-26,-18,-14,-25,-29,-21,-22,-27,-20,-21,-17,-23,-27,-21,-15,-13,-8,-12,-11,0,0,-4,-6,-6,-8,-7,-8]} 1. d4 e6 2. c4 b6 3. Nf3 Bb7 4. Nc3 Nf6 5. a3 d5 6. Bg5 Be7 7. Qa4+ Qd7 8. Qb3 {E12: Queen's Indian: Unusual White 4th moves, 4 a3, 4 Nc3 Bb7 5 a3 and 4 Nc3 Bb7} dxc4 9. Qxc4 O-O 10. Rd1 {LiveBook: 3 Games} Rc8 11. Qb3 $146 ({Predecessor:} 11. e3 Qe8 12. Be2 c5 13. O-O Nbd7 14. h3 a6 15. Qb3 b5 16. dxc5 Nxc5 {½-½ (85) Kukhmazov,A (2399)-Matlakov,M (2686) St Petersburg 2016}) 11... Nd5 12. Ne4 h6 13. Bd2 (13. Ne5 {is interesting.} Qe8 14. Bxe7 Nxe7 15. Nc3 Nd5 16. e3) 13... Nf6 14. Nc3 Qe8 15. Bf4 Nbd7 $36 {[%cal Bb8d7,Bd7b6,Bb6c4,Bc4b2][%mdl 2080] Black is more active.} 16. e3 c5 17. Bc4 cxd4 18. exd4 a6 19. a4 {[#]} b5 $1 {[%mdl 512]} 20. axb5 Nb6 21. Be2 Nfd5 (21... a5 $17 {Threatens to win with ...a4.} 22. O-O Nfd5 23. Nxd5 Bxd5) 22. bxa6 $11 Bxa6 23. Bxa6 Rxa6 24. Bd2 Nc4 {[#] ...Rb6 is the strong threat.} 25. Nxd5 exd5 26. O-O Rb6 27. Qd3 Nxb2 28. Qb1 Bf6 29. Rde1 {The position is equal.} Qd7 30. Bf4 Nc4 31. Qd3 Re8 32. h3 Rbe6 33. Qf5 g6 34. Qb1 Kg7 35. Rxe6 {Precision: White = 75%, Black = 69%.} 1/2-1/2

[Event "EICC 2019"]
[Site "Skopia"]
[Date "2019.03.25"]
[Round "7.23"]
[White "Maze, Sebastien"]
[Black "Safarli, Eltaj"]
[Result "1/2-1/2"]
[WhiteElo "2578"]
[BlackElo "2662"]
[Annotator "TA"]
[PlyCount "31"]
[EventDate "2019.03.18"]
[EventType "swiss"]
[EventCountry "MKD"]
[SourceTitle "playchess.com"]
[Source "ChessBase"]
[SourceQuality "1"]

{[%evp 18,31,39,17,47,8,22,8,32,36,48,0,0,0,30,0]} 1. Nf3 c5 2. c4 Nc6 3. d4 cxd4 4. Nxd4 Nf6 5. Nc3 e6 6. g3 Bc5 7. Nb3 Be7 8. Bg2 O-O 9. O-O d6 10. Bf4 h6 {A33: Symmetrical English: 2 Nf3 Nf6 3 d4 cxd4 4 Nxd4 e6 5 Nc3 Nc6} (10... a6 11. Rc1 Qc7 12. Nd5 exd5 13. cxd5 Bd7 14. dxc6 bxc6 15. Nd4 c5 16. b4 Qa7 17. Bxa8 Qxa8 18. Nf3 Bh3 19. Re1 {1-0 (56) Adhiban,B (2674)-Bacrot,E (2697) Berlin 2015}) 11. Qd2 g5 $146 ({Predecessor:} 11... e5 12. Be3 Be6 13. Nd5 Qd7 14. Rfd1 Rfd8 15. Qe1 Ng4 16. Rac1 Bxd5 17. cxd5 Nxe3 18. fxe3 {½-½ (69) Royal,S (1930)-Ethelontis,A (2187) London 2018}) 12. Be3 $1 Ne5 13. Qd4 Nc6 14. Qd2 Ne5 15. Qd4 Nc6 16. Qd2 1/2-1/2

[Event "EICC 2019"]
[Site "Skopia"]
[Date "2019.03.25"]
[Round "7.24"]
[White "Petrosyan, Manuel"]
[Black "Melkumyan, Hrant"]
[Result "1/2-1/2"]
[WhiteElo "2564"]
[BlackElo "2661"]
[Annotator "TA"]
[PlyCount "83"]
[EventDate "2019.03.18"]
[EventType "swiss"]
[EventCountry "MKD"]
[SourceTitle "playchess.com"]
[Source "ChessBase"]
[SourceQuality "1"]

{[%evp 9,83,10,16,10,15,9,23,8,20,10,13,4,6,12,17,9,64,64,81,101,163,158,142,147,131,121,112,98,108,70,130,123,112,110,162,61,70,49,63,56,68,59,94,72,77,47,43,39,87,39,93,18,18,0,18,0,18,18,18,18,18,18,18,18,18,18,18,18,18,18,18,18,18,18,18,18]} 1. d4 Nf6 2. c4 e6 3. Nf3 d5 4. e3 a6 5. b3 (5. Nc3 dxc4 6. Bxc4 b5 7. Be2 Bb7 8. O-O Nbd7 9. b3 c5 10. Bb2 Be7 11. Rc1 O-O 12. Qc2 Rc8 13. Qb1 Qb6 14. Rfd1 Rfd8 15. h3 h6 16. dxc5 Nxc5 17. Rxd8+ Rxd8 {0-1 (59) Mamedyarov,S (2817)-Carlsen,M (2835) St Petersburg 2018}) 5... b6 6. Bb2 {D30: Queen's Gambit Declined: Systems without Nc3} Bb7 7. Nbd2 Bd6 8. Bd3 {White has an edge.} O-O 9. O-O Ne4 $146 ({Predecessor:} 9... Nbd7 10. Rc1 Ne4 11. Qc2 f5 12. cxd5 exd5 {½-½ (49) Muha,M (2334)-Tica,S (2439) Zadar 2018}) 10. Qc2 {[%cal Rd2e4]} f5 11. cxd5 exd5 12. Ne5 $36 {[%mdl 2048] White fights for an advantage.} c5 (12... Qe7 $11) 13. dxc5 $14 Bxe5 14. Bxe5 Nxd2 (14... Nd7 $16 15. Bxe4 fxe4) 15. Qxd2 $18 bxc5 16. Rac1 Qe7 17. Bb2 Nd7 18. Rfd1 Rac8 19. Bc4 Nb6 (19... dxc4 $14 20. Qxd7 Qxd7 21. Rxd7 Rf7 22. Rxf7 Kxf7) 20. Be2 $16 Rfd8 21. Bf3 Rd6 (21... d4 $16 {was called for.}) 22. b4 (22. Ba3 $18 Nd7 23. Qa5) 22... c4 $14 23. Bd4 {Hoping for Bc5.} Nd7 24. Qc3 Re6 25. g3 Ne5 26. Bxe5 (26. Bg2 {keeps more tension.} Nd7 27. a4 Qf7 28. Qc2 Ne5 29. b5) 26... Rxe5 27. Rd4 h6 28. Rcd1 Rd8 29. h4 Bc6 {[#]} (29... Kh7 $14) 30. h5 ({White should try} 30. Rxc4 $1 $16 {[%mdl 512]} dxc4 31. Rxd8+ Qxd8 32. Bxc6) 30... Kh7 $11 {The position is equal.} 31. Qa3 Qc7 32. Qc3 Qe7 33. R1d2 Qc7 34. a3 Qe7 35. Bd1 Rd6 36. Be2 {Black should prevent Bxc4!} Rde6 37. Rf4 Kh8 38. Bf3 Rf6 39. Rfd4 {[%cal Rf3d5]} Rd6 40. Qc2 Qe8 41. Be2 {Threatens to win with Rxc4!} Rd7 42. Qc3 {Accuracy: White = 57%, Black = 52%.} 1/2-1/2

[Event "EICC 2019"]
[Site "Skopia"]
[Date "2019.03.25"]
[Round "7.25"]
[White "Martinovic, Sasa"]
[Black "Kovalenko, Igor"]
[Result "1/2-1/2"]
[WhiteElo "2558"]
[BlackElo "2658"]
[Annotator "TA"]
[PlyCount "93"]
[EventDate "2019.03.18"]
[EventType "swiss"]
[EventCountry "MKD"]
[SourceTitle "playchess.com"]
[Source "ChessBase"]
[SourceQuality "1"]

{[%evp 13,93,48,58,48,52,61,58,55,51,58,62,39,43,22,51,46,58,54,61,47,53,45,55,52,55,51,88,91,119,110,120,127,121,60,64,67,112,94,95,78,109,21,34,0,0,0,44,54,233,0,0,0,0,0,0,0,0,0,0,0,0,0,0,0,8,8,8,8,8,8,11,0,101,74,74,70,62,0,26,26,33,0]} 1. d4 Nf6 2. c4 g6 3. Nc3 Bg7 4. e4 d6 5. f3 O-O 6. Be3 Nc6 7. Qd2 a6 8. b3 {E83: King's Indian: Sämisch Panno (6...Nc6): Lines without either Nge2 or Qd2} (8. h4 h5 9. Rc1 Bd7 10. Nge2 b5 11. Nd5 bxc4 12. Rxc4 e6 13. Nxf6+ Bxf6 14. Bg5 Bxg5 15. hxg5 Rb8 16. Rc1 {1-0 (51) Santos Ruiz,M (2523)-Demchenko,A (2679) Skopje 2018}) 8... e5 9. d5 Nd4 10. Nge2 Nxe2 11. Bxe2 Nh5 12. O-O Nf4 13. Rfc1 $146 ({Predecessor:} 13. Bd1 f5 14. c5 Bd7 15. Bc2 Nh5 16. exf5 gxf5 {1-0 (56) Aczel,G (2538)-Vedmediuc,S (2464) Satu Mare 2018}) 13... f5 14. Bf1 fxe4 15. Nxe4 Bf5 16. g3 Nh5 17. c5 Bxe4 18. fxe4 Nf6 $1 19. Rc4 dxc5 20. Bxc5 b5 21. Bxf8 bxc4 22. Bxg7 Kxg7 23. Rc1 ({White should try} 23. Bxc4 $16 Qd6 24. Re1) 23... cxb3 $14 24. axb3 Qe7 25. Rc6 Rf8 26. Qc3 Ne8 27. Re6 (27. Bxa6 $16 {Hoping for Re6.} Rf6 28. Rxf6 Nxf6 29. Bd3) 27... Qf7 $11 {[%csl Gf8][%cal Rf7f1] [#]} 28. Bg2 {Black must now prevent h3.} Qf2+ $1 29. Kh1 Kg8 30. h3 ({Stronger than} 30. Rxe5 Qf6 $17) 30... Ng7 $2 {[#]} (30... Nd6 $14) 31. Rxa6 $2 ({Weaker is} 31. Rxe5 Rf7 $14) (31. Re7 $1 $18) 31... Nh5 32. Kh2 Qe2 {( -> ...Rf2)} 33. Ra1 $1 Rf2 $1 {[%cal Rf2g2]} 34. Rg1 $1 (34. Ra8+ {leads to mate.} Kg7 35. Qxc7+ Kh6 36. Qc1+ Nf4 37. Kh1 Rxg2 38. Ra2 Qf3 39. Qxf4+ exf4 40. Rxg2 fxg3 41. h4 Qf1+ 42. Rg1 Qh3#) 34... Qxe4 $1 35. Qxc7 {Qb8+ is the strong threat.} Qe3 $1 {[%cal Re3g3]} 36. Qd8+ Kg7 37. Qe7+ Rf7 38. Qh4 Qxb3 39. Qg5 Qb2 40. Re1 Rf5 $132 {[%mdl 2048] Black is not keeping still} 41. Qe3 {aiming for Re2.} e4 42. Re2 Qb8 (42... Qe5 $11 {keeps the balance.}) 43. Bxe4 Re5 44. Qd3 Qd6 45. Re3 ({Better is} 45. Rd2 $14) 45... Nf6 46. Bg2 h5 47. Rxe5 {Accuracy: White = 51%, Black = 63%.} 1/2-1/2

[Event "EICC 2019"]
[Site "Skopia"]
[Date "2019.03.25"]
[Round "7.26"]
[White "Moiseenko, Alexander"]
[Black "Meshkovs, Nikita"]
[Result "1/2-1/2"]
[WhiteElo "2648"]
[BlackElo "2568"]
[Annotator "TA"]
[PlyCount "89"]
[EventDate "2019.03.18"]
[EventType "swiss"]
[EventCountry "MKD"]
[SourceTitle "playchess.com"]
[Source "ChessBase"]
[SourceQuality "1"]

{[%evp 18,89,17,7,4,4,6,19,12,8,29,27,45,4,3,0,0,0,30,6,6,6,4,2,4,0,2,0,0,0,0,0,0,0,0,0,8,0,25,14,28,43,34,17,22,4,8,0,11,0,0,0,0,0,0,0,0,0,0,0,0,0,0,0,0,0,0,0,0,0,0,0,0,0]} 1. d4 Nf6 2. c4 e6 3. Nc3 Bb4 4. Nf3 d5 5. Qa4+ Nc6 6. e3 O-O 7. Bd2 Bd7 8. Qc2 dxc4 9. Bxc4 Bd6 10. O-O e5 {D38: Queen's Gambit Declined: Ragozin Defence (4 Nf3 Bb4)} 11. dxe5 Nxe5 12. Nxe5 Bxe5 13. f4 {[#]} Bxc3 $146 ({Predecessor:} 13... Bd6 14. Rae1 a6 15. Bd3 Re8 16. Kh1 Bc6 17. Bc1 Bc5 18. e4 Ng4 19. Bc4 Nxh2 20. g3 Nxf1 21. Rxf1 Qd4 22. Bd3 Rad8 23. Rd1 Bb4 24. Kg2 Bxc3 {0-1 (24) Lalith,B (2587)-Moiseenko,A (2657) Doha 2016}) 14. Bxc3 ({Much worse is} 14. bxc3 a6 $15) 14... Qe7 15. Bxf6 Qxf6 16. e4 {[%cal Be3e4,Be4e5][%mdl 32]} Rad8 17. e5 Bf5 18. exf6 Bxc2 19. Rac1 {[#] And now fxg7 would win.} Bf5 20. fxg7 Kxg7 21. Rfd1 Bg4 22. Rd3 (22. Rxd8 {seems wilder.} Rxd8 23. h3 Bc8 24. Bb3 c6 25. Rd1) 22... Rxd3 23. Bxd3 $11 {[%mdl 4096] Endgame KRB-KRB} Rd8 24. Rc3 Be6 25. a3 Rd4 26. b4 b6 27. Kf2 c5 28. bxc5 bxc5 29. Ke3 Ra4 30. Bc2 Ra5 {The position is equal.} 31. f5 Ba2 32. g4 h6 {[%cal Bh7h6,Bh6h5][%mdl 32]} 33. h4 c4 34. Kd4 Bb3 35. Bxb3 (35. Be4 {feels hotter.} Rxa3 36. g5 f6 37. g6 Ra1 38. Re3) 35... cxb3 36. Rxb3 {KR-KR} h5 37. Ke3 Kf6 38. Kf3 Ra4 39. Rb4 Rxa3+ 40. Kf4 hxg4 41. Kxg4 Ra1 42. Rc4 Rg1+ 43. Kf4 Rf1+ 44. Kg4 Rg1+ 45. Kf4 {Accuracy: White = 53%, Black = 75%.} 1/2-1/2

[Event "EICC 2019"]
[Site "Skopia"]
[Date "2019.03.25"]
[Round "7.27"]
[White "Kulaots, Kaido"]
[Black "Kuzubov, Yuriy"]
[Result "1/2-1/2"]
[WhiteElo "2544"]
[BlackElo "2644"]
[Annotator "TA"]
[PlyCount "58"]
[EventDate "2019.03.18"]
[EventType "swiss"]
[EventCountry "MKD"]
[SourceTitle "playchess.com"]
[Source "ChessBase"]
[SourceQuality "1"]

{[%evp 12,58,8,2,25,14,14,3,20,22,14,27,30,18,47,26,62,57,64,12,12,18,12,12,25,21,24,-34,-22,-25,-22,-22,-22,-22,-22,-22,-20,-28,-27,-32,-32,-27,-27,-24,-5,-6,-6,-6,0]} 1. Nf3 d5 2. g3 c5 3. Bg2 Nf6 4. O-O e6 5. d4 cxd4 6. Nxd4 e5 7. Nb3 Be7 {D02: 1 d4 d5 2 Nf3 sidelines, including 2...Nf6 3 g3 and 2...Nf6 3 Bf4} 8. Bg5 (8. Qd3 Nc6 9. Rd1 Be6 10. Bg5 e4 11. Qb5 a6 12. Qxb7 Nb4 13. Bxf6 gxf6 14. Bxe4 Rb8 15. Qa7 {½-½ (38) Aronian,L (2765)-Nakamura,H (2746) Kolkata 2018}) 8... Nbd7 9. c4 dxc4 10. N3d2 Nb6 11. a4 a5 12. Na3 Bxa3 $146 ({Predecessor:} 12... c3 13. bxc3 O-O 14. Qb3 Be6 15. c4 {½-½ (28) MacFarland,J (2206)-Kraai,J (2506) Reno 2002}) 13. Rxa3 Qc7 14. Bxf6 gxf6 15. Rc3 (15. Qc1 $14) 15... Be6 $11 16. b3 O-O 17. Nxc4 Rac8 18. Qc1 Kg7 19. g4 (19. Rd1 $11) 19... h6 20. Be4 Nxc4 21. bxc4 b6 22. Rd1 $1 Rfd8 23. Rxd8 Rxd8 24. Bd5 Qd7 25. Bxe6 Qxe6 26. h3 Rd4 27. Qc2 Qd7 {White should prevent ...Rd1+.} 28. Rd3 $1 Rxd3 29. exd3 Qd4 {Accuracy: White = 74%, Black = 68%.} 1/2-1/2

[Event "EICC 2019"]
[Site "Skopia"]
[Date "2019.03.25"]
[Round "7.28"]
[White "Alekseev, Evgeny"]
[Black "Moroni, Luca Jr"]
[Result "1-0"]
[WhiteElo "2640"]
[BlackElo "2564"]
[Annotator "TA"]
[PlyCount "109"]
[EventDate "2019.03.18"]
[EventType "swiss"]
[EventCountry "MKD"]
[SourceTitle "playchess.com"]
[Source "ChessBase"]
[SourceQuality "1"]

{[%evp 12,109,28,18,19,-2,5,0,23,0,0,0,16,10,33,16,54,56,39,34,40,24,45,43,58,64,91,83,82,84,100,88,86,102,89,75,75,7,12,0,0,-43,0,0,0,0,0,0,22,31,27,14,13,4,27,31,27,11,29,0,70,56,172,162,173,170,153,169,220,210,214,219,241,241,362,349,939,939,843,768,835,839,829,747,1081,996,1475,1446,1702,1665,2429,2206,3000,2674,2725,2262,29983,29984,29983,29982]} 1. e4 e5 2. Nf3 Nc6 3. Bc4 Bc5 4. O-O Nf6 5. d3 d6 6. c3 a6 7. Bb3 h6 {C54: Giuoco Piano: 4 c3 Nf6, main lines with 5 d4 and 5 d3} 8. Be3 (8. Nbd2 O-O 9. Re1 Re8 10. Nf1 Ba7 11. Ng3 Be6 12. Bxe6 Rxe6 13. d4 d5 14. Nxe5 Nxe5 15. dxe5 Nxe4 16. Nxe4 dxe4 17. Bf4 Qxd1 18. Raxd1 {½-½ (40) McShane,L (2664)-Jones,G (2682) London 2018}) 8... O-O 9. Nbd2 Qe7 {The position is equal.} 10. h3 Bxe3 11. fxe3 Be6 12. Bc2 Rad8 $146 ({Predecessor:} 12... Bd7 13. Rf2 Nd8 14. Nf1 c6 15. Ng3 Rb8 16. d4 Re8 17. Qd3 Rc8 18. Raf1 {1-0 (35) Ooft,T-Elnami,S Dresden 2008}) 13. Qe1 g6 14. d4 Bc8 15. Qh4 Kg7 16. Rf2 Rde8 17. Raf1 Nh7 18. Qg3 Bd7 19. b4 Nd8 20. a4 Bc8 21. a5 Bd7 22. Bd3 Nc6 23. Rc1 Nf6 24. Qh4 ({Better is} 24. d5 $16 Na7 25. c4) 24... d5 25. Re1 (25. exd5 $11 Nxd5 26. Qxe7 Rxe7 27. Nxe5 Nxe5 28. dxe5 Nxe3 29. Be4) 25... dxe4 $15 26. Nxe4 Nxe4 27. Qxe7 Rxe7 28. Bxe4 exd4 29. exd4 f5 30. Bd5 Rfe8 31. Rxe7+ Rxe7 32. Rc2 Re3 33. Kf2 f4 34. Nd2 g5 35. Nc4 Re7 (35... Bf5 $11) 36. Bf3 $14 Be8 {[#]} (36... Nd8 $14) 37. d5 $1 $36 {[%cal Rd5c6][%mdl 2048] Black is under strong pressure.} Nd8 38. d6 cxd6 39. Nxd6 {And now Nf5+ would win.} Bg6 {[#]} (39... Kf8 {might work better.} 40. Nf5 (40. Nxe8 Kxe8 41. Rd2 Re6 $14) 40... Rc7) 40. Rd2 $1 Rc7 {[#]} 41. Nb5 $1 {[%mdl 576] Discovered Attack} axb5 42. Rxd8 {[%mdl 4096] Endgame KRB-KRB} Bf5 (42... Rxc3 $142 43. Rd7+ (43. Bxb7 Ra3 $16) 43... Kf6) 43. Rd5 Bd7 $2 (43... Kf6 44. Rxb5 Rxc3 45. Bxb7 (45. Rxb7 Ra3 $16) 45... Bd3 46. Rb6+ Ke5) 44. Rc5 Bc6 45. c4 Rd7 46. cxb5 Bxf3 47. gxf3 {KR-KR} Rd2+ 48. Ke1 Rb2 49. Rc7+ {[%mdl 64] Double Attack} Kf6 50. Rxb7 Ke5 51. a6 {[%cal Ba5a6,Ba6a7][%mdl 32]} Kd4 52. a7 Ra2 53. b6 Kc3 54. Rc7+ Kd3 55. Rd7+ {Accuracy: White = 65%, Black = 35%.} ({Inferior is} 55. b7 Ra1+ 56. Rc1 (56. Kf2 Ra2+ 57. Ke1 Ra1+ 58. Rc1 Rxc1+ $11) 56... Rxc1+ $11) 1-0